50 Fillin maths word problems. (Record no. 112659)
[ view plain ]
| 000 -LEADER | |
|---|---|
| fixed length control field | 00270nam a2200109 a 4500 |
| 005 - DATE AND TIME OF LATEST TRANSACTION | |
| control field | 20140414131945.0 |
| 008 - FIXED-LENGTH DATA ELEMENTS--GENERAL INFORMATION | |
| fixed length control field | 110128s19uu xx 00 eng d |
| 050 ## - LIBRARY OF CONGRESS CALL NUMBER | |
| Classification number | TR 372.7 |
| Item number | K87 2006 |
| 100 ## - MAIN ENTRY--PERSONAL NAME | |
| Personal name | Krech, Bob |
| 245 ## - TITLE STATEMENT | |
| Title | 50 Fillin maths word problems. |
| Withdrawn status | Lost status | Damaged status | Home library | Current library | Shelving location | Date acquired | Total Checkouts | Full call number | Barcode | Date last seen | Price effective from | Koha item type |
|---|---|---|---|---|---|---|---|---|---|---|---|---|
| Munich Library | Munich Library | Teachers Reference Section | 01/28/2011 | TR 372.7 K87 2006 | M4036 | 04/14/2014 | 04/14/2014 | Books |